000 00532nam a2200181Ia 4500
008 100920s9999 xx 000 0 und d
082 _b85688
_a--- न 04
100 _aतिबिले अनंत.
245 _aमुखवटा.
260 _bपायल पब्लिकेशन, पुणे.
_c2004
300 _a160
_bसाधी
365 _b130
520 _aकादंबरी.
630 _aमुखवटा.
650 _aकादंबरी.
730 _aमुखवटा.
942 _cBOOK
999 _c726200
_d726197